Oxford textbook of functional anatomy

Na minha lista:
Detalhes bibliográficos
Autor principal: Pamela MacKinnon
Formato: Livro
Idioma:Undetermined
Publicado em: Oxford Oxford Univ. Press 1999
Assuntos:
Tags: Adicionar Tag
Sem tags, seja o primeiro a adicionar uma tag!
Thư viện lưu trữ: Trung tâm Học liệu Trường Đại học Cần Thơ
LEADER 00473nam a2200169Ia 4500
001 CTU_48881
008 210402s9999 xx 000 0 und d
082 |a 611 
082 |b M158/Vol.3 
100 |a Pamela MacKinnon 
245 0 |a Oxford textbook of functional anatomy 
245 0 |c Pamela MacKinnon, John Morris 
260 |a Oxford 
260 |b Oxford Univ. Press 
260 |c 1999 
650 |a human anatomy 
980 |a Trung tâm Học liệu Trường Đại học Cần Thơ